000 00631nam a2200253Ia 4500
005 20260121154823.0
008 008 260114s9999 xx 000 0 eng d
020 _a9781003160151
037 _aEBOOK
040 _aCRL
040 _beng
040 _cCRL
041 _2eng
041 _aeng
084 _qCRL
100 _a Hui Zhang
_91011894
245 0 _aResearch on Migrant Children?s Educational Choices and Fiscal Policy
260 _bTaylor and Francis
260 _c2021
856 _uhttp://www.taylorfrancis.com/books/9781003160151
942 _cEBOOK
999 _c1578713
_d1578713